01473 a2200169 4500003000400000005001700004008004100021020001800062100002600080245006600106260003500172300001100207520100800218650002601226650002601252650002501278OSt20250422094553.0240424b |||||||| |||| 00| 0 eng d a9789332551954 aShaw, M.and Garlan,D. aSoftware Architecture: Perspectives on an Emerging Discipline bPearson Educationc2015aNoida a242pp. aTable of Content 1. Introduction. 2. Architectural Styles. 3. Case Studies. 4. Shared Information Systems. 5. Architectural Design Guidance. 6. Formal Models and Specifications. 7. Linguistic Issues. 8. Tools for Architectural Design. 9. Education of Software Architects. Salient Features constructs an organizational framework for a course that: teaches how to understand and evaluate the design of existing software systems from an architectural perspective. provides the intellectual building blocks for designing new systems in principled ways using well-understood architectural paradigms. shows how formal notations and models can be used to characterize and reason about a system design. presents concrete examples of actual system architectures that can serve as models for new designs. will allow instructors to add innovative material to existing courses. emphasizes informal descriptions, touching lightly on formal notations and specifications, and the tools that support them. aSoftware Architecture a Architectural Design aArchitectural Styles